| 000 | 00961nam a2200229Ia 4500 | ||
|---|---|---|---|
| 999 |
_c50882 _d50882 |
||
| 001 | 17837 | ||
| 003 | GE_BSU | ||
| 005 | 20200226120721.0 | ||
| 008 | 181216s2002ru xx |||||||||||||| ||rus|| | ||
| 020 | _a5933860301 | ||
| 040 | _cGE_BSU | ||
| 080 | _a81'25(07) К-63 | ||
| 100 |
_aКомиссаров, В.Н. _97477 |
||
| 245 |
_aСовременное перевоведение : _bУчебное пособие. / _cВ.Н. Комиссаров ; Ред. С.Ф.Гончаренко |
||
| 264 |
_aМосква : _bИзд-во "ЭТС, _c2002. |
||
| 300 |
_a421 стр.: _c22 см. |
||
| 505 | _aКраткий словарь переводч. терминов стр.407-415. Список научных трудов стр.416-421 | ||
| 653 | _aСовременное перевоведение | ||
| 653 | _aთარგმნის თეორია | ||
| 700 |
_aГончаренко, С.Ф. _eრედაქტორი _97478 |
||
| 942 |
_cBK _2udc |
||